000 00302nam a22001337a 4500
008 170629b xxu||||| |||| 00| 0 eng d
020 _a0865319456
041 _aeng
080 _a32
100 _a20
101 _aSHP
245 _aLINKAGEB POLITICS IN THE MIDDLE EAST
_cBAR.Y
942 _2udc
_cBK
999 _c19636
_d19636